000 01512nam a2200301 i 4500
001 19894
003 ES-MaACL
005 20260127062522.0
007 t|
008 021025s1920 sp ||||1| spa d
100 1 _aMartín y Peinador, León.
_977682
245 1 3 _aEl suelo de Marruecos y sus primeros habitantes :
_bproblema hispano-marroquí : lección inaugural del curso 1919-20 en el Instituto Libre de Enseñanza de las Carreras Diplomática y Consular y Centro de Estudios Marroquíes, explicada el 8 de noviembre de 1919 /
_cpor D. León Martín Peinador.
260 _aMadrid :
_bReus,
_c1920.
300 _a60 p. ;
_c19 cm.
490 1 _aPublicaciones de la Real Academia de Jurisprudencia y Legislación ;
_v5
530 _aDisponible en formato digital.
651 4 _aMarruecos-
_xDescripción.
_99025
651 4 _aMarruecos-
_xHistoria-
_y1912-1956, Protectorado español.
_99029
700 _aReal Academia de Jurisprudencia y Legislación de España
_9217612
710 2 _aInstituto Libre de Enseñanza de las Carreras Diplomática y Consular.
_9170926
710 2 _aCentro de Estudios Marroquíes (Tetuán)
_92656
830 1 _aPublicaciones de la Real Academia de Jurisprudencia y Legislación ;
_v5
_9180630
852 _aES-MaACL
_jL-5176
852 _aES-MaACL
_j1747-F-16
_9 20528
_cDEPOF
_zRevisado enlace: 06 de Abril de 2025
856 _uhttp://bdh-rd.bne.es/viewer.vm?id=0000205118&page=1
_yBiblioteca Digital Hispánica
942 _2udc
999 _c19894
_d19894